Caracterização morfológica de frutos, sementes, plântulase germinação de Oreopanax fulvus Marchal (Registro n. 339914)
[ somente texto ]
| 000 -LÍDER | |
|---|---|
| fixed length control field | 03747nab a2200313 i 4500 |
| 003 - CÓDIGO MARC DA AGÊNCIA CATALOGADORA | |
| Campo de controle | BR-BrBNA |
| 005 - DATA E HORA DA ÚLTIMA ATUALIZAÇÃO | |
| Campo de controle | 20260125114606.0 |
| 008 - CAMPO DE TAMANHO FIXO | |
| fixed length control field | 260125b2016 bl.qr|pooa||| 00| 0 por | |
| 040 ## - FONTE DA CATALOGAÇÃO | |
| Agência catalogadora | BR-BrBNA |
| Idioma da catalogação | por |
| 072 ## - CATEGORIA AGRIS | |
| Código AGRIS | F50 |
| 072 ## - CATEGORIA AGRIS | |
| Código AGRIS | F62 |
| 100 ## - ENTRADA PRINCIPAL - NOME PESSOAL | |
| Nome pessoal | Pinto, Marcelo Bosco |
| 100 ## - ENTRADA PRINCIPAL - NOME PESSOAL | |
| Nome pessoal | Grabias, Jeniffer |
| 100 ## - ENTRADA PRINCIPAL - NOME PESSOAL | |
| Nome pessoal | Hoffmann, Pablo Melo |
| 100 ## - ENTRADA PRINCIPAL - NOME PESSOAL | |
| Nome pessoal | Velazco, Santiago José Elías |
| 100 ## - ENTRADA PRINCIPAL - NOME PESSOAL | |
| Nome pessoal | Blum, Christopher Thomas |
| 245 ## - TÍTULO PRINCIPAL | |
| Título principal | Caracterização morfológica de frutos, sementes, plântulase germinação de Oreopanax fulvus Marchal |
| 500 ## - NOTA GERAL | |
| Nota geral | <br/><br/>Publicação online; 22 ref.; 6 tables; Summaries (En, Pt) |
| 942 ## - ADDED ENTRY ELEMENTS (KOHA) | |
| Koha item type | Analítica |
| 520 ## - NOTA DE RESUMO | |
| Nota de conteúdo | <br/><br/><br/>RESUMO - Este estudo teve como objetivos caracterizar a morfologia dos frutos, sementes e plântulas, e avaliar o comportamento germinativo de Oreopanax fulvus Marchal. Após coleta, as infrutescências foram caracterizadas quanto a sua biometria e morfologia, assim como os frutos, sementes e plântulas. Dois experimentos de germinação foram instalados: o primeiro para avaliar o desempenho da germinação sobre diferentes substratos e o segundo para testar o efeito do grau de maturação dos frutos na germinação. As infrutescências possuem frutos globosos, indeiscentes com coloração roxa quando maduros. Não houve diferença significativa do tamanho de frutos em diferentes graus de maturação. As sementes são pequenas, elípticas com endosperma ruminado e embrião espatulado. A germinação é fanerocotiledonar e a plântula epígea. Os cotilédones permaneceram na plântula por cerca de 150 dias após o início da germinação. Não houve diferença significativa na germinação de sementes sobre diferentes substratos, com média geral de 42,2%. No teste de influência da maturação apenas sementes de frutos maduros germinaram (68,3%), demonstrando ser este um requisito essencial para a adequada germinação de O. fulvus.<br/><br/><br/><br/>Palavras-chave: Araliaceae, biometria, morfologia, maturação, substrato |
| 520 ## - NOTA DE RESUMO | |
| Nota de conteúdo | <br/><br/><br/>ABSTRACT - This study aimed to characterize the morphology of fruits, seeds and seedlings and evaluate the germination of Oreopanax fulvus Marchal. After collection, it was carried out the biometrical and morphological characterization of infructescences, fruits and seeds. Seedlings were also characterized, after germination procedures. Two germination experiments were realised: the first one to evaluate the performance of germination on different substrates and the second to test the effects of the fruit maturation on the germination parameters. The fruits are globose, indehiscent and purple when mature. There is no significant difference in fruit size regarding to maturation. The seeds are small and elliptical, with ruminated endosperm and spatulated embryo. Germination is phanero-epigeal. The cotyledons remain in the seedlings for 150 days after germination. There was no significant difference on seed germination rates over different substrates, the overall average was 42.2%. In the maturation experiment only seeds from mature fruits germinated (68.3%), demonstrating that this is an essential requirement for adequate germination of O. fulvus. <br/><br/><br/><br/><br/>Key words: Araliaceae, biometry, morphology, maturation, substrate |
| 650 ## - ASSUNTO - THESAGRO | |
| Cabeçalho tópico ou nome geográfico | ESPÉCIE NATIVA |
| 650 ## - ASSUNTO - THESAGRO | |
| Cabeçalho tópico ou nome geográfico | GERMINAÇÃO |
| 650 ## - ASSUNTO - THESAGRO | |
| Cabeçalho tópico ou nome geográfico | BIOMETRIA |
| 650 ## - ASSUNTO - THESAGRO | |
| Cabeçalho tópico ou nome geográfico | MORFOLOGIA VEGETAL |
| 773 0# - ENTRADA ANALÍTICA | |
| Host Biblionumber | 4656 |
| Registro do item | 359957 |
| Imprenta | Recife-PE Universidade Federal Rural de Pernambuco 2006 |
| Outro identificador | 2026-0347 |
| Título | Revista Brasileira de Ciências Agrárias (Brazil) |
| ISSN | 1981-1160 |
| Colação | v. 11(2) p. 111-116; (2016) |
| Número de controle de registro | BR2025005500 |
| 856 ## - ACESSO E ENDEREÇO ELETRÔNICO | |
| Identificador uniforme de recurso - URI | http://www.agraria.pro.br/ojs32/index.php/RBCA/article/view/v11i2a5366/508 |
Nenhum exemplar disponível.

BINAGRI